Plus grandes villes de France en 5 lettres ou moins - Statistiques

Statistiques générales
  • Ce quiz a été pris 516 fois
  • Le résultat moyen est 11 sur 14
Statistiques - réponses
Population (agglomération) Population (ville) Région Ville % Correct
10 733 971 2 187 526 Ile-de-France Paris
100%
1 041 389 232 787 Hauts-de-France Lille
96%
1 651 853 516 092 Auvergne-Rhône-Alpes Lyon
96%
943 583 340 017 Provence-Alpes-Côte d'azur Nice
94%
200 920 140 064 Bretagne Brest
89%
243 376 156 920 Bourgogne-Franche-Comté Dijon
82%
198 877 105 354 Normandie Caen
81%
286 510 116 429 Grand-Est Metz
80%
467 763 110 145 Normandie Rouen
80%
212 323 182 460 Grand-Est Reims
75%
285 777 104 286 Grand-Est Nancy
74%
353 836 135 787 Centre-Val de Loire Tours
74%
198 223 77 130 Nouvelle-Aquitaine Pau
65%
185 295 150 610 Occitanie Nîmes
63%
Aucun quiz correspondant
Distribution des résultats
% des personnes avec chaque résultat
Percentile par nombre de réponses
Votre historique - résultats
Vous n’avez pas pris ce quiz